| 000 | 00981cam a22002174a 4500 | ||
|---|---|---|---|
| 005 | 20250605164246.0 | ||
| 008 | 250528s ||||||||||||||||||||||||d | ||
| 035 | _a21504 | ||
| 020 | _a9789604560189 | ||
| 040 |
_aGR-AtMCL _bgre _dGR-AtMCL _eAACR2 |
||
| 245 | 1 | _aΕΙΔΙΚΑ ΘΕΜΑΤΑ ΣΤΗ ΔΗΜΟΣΙΑ ΟΙΚΟΝΟΜΙΚΗ ΚΑΙ ΣΤΟ ΔΗΜΟΣΙΟΝΟΜΙΚΟ ΔΙΚΑΙΟ: ΜΑΚΡΟΟΙΚΟΝΟΜΙΑ | |
| 250 | _a1 | ||
| 260 |
_bΖήτη, _c2006 |
||
| 300 | _a142 | ||
| 505 | 0 | _aΟΙ ΦΟΡΟΙ ΠΡΟΥΠΟΛΟΓΙΣΜΟΣ ΔΗΜΟΣΙΕΣ ΔΑΠΑΝΕΣ ΔΗΜΟΣΙΑ ΕΡΓΑ ΑΣΚΗΣΕΙΣ ΠΟΛΛΑΠΛΩΝ ΕΠΙΛΟΓΩΝ ΒΙΒΛΙΟΓΡΑΦΙΑ | |
| 520 | _aΟΙ ΦΟΡΟΙ ΠΡΟΥΠΟΛΟΓΙΣΜΟΣ ΔΗΜΟΣΙΕΣ ΔΑΠΑΝΕΣ ΔΗΜΟΣΙΑ ΕΡΓΑ ΑΣΚΗΣΕΙΣ ΠΟΛΛΑΠΛΩΝ ΕΠΙΛΟΓΩΝ ΒΙΒΛΙΟΓΡΑΦΙΑ | ||
| 700 | 1 |
_aΜουσσα Βαγγελης _97510 |
|
| 942 | _cBK | ||
| 999 |
_c6566 _d6566 |
||